书目信息 |
| 题名: |
学会吃!快速调理高血压
|
|
| 作者: | 胡维勤 主编 | |
| 分册: | ||
| 出版信息: | 哈尔滨 黑龙江科学技术出版社 2018.01 |
|
| 页数: | 198页 | |
| 开本: | 22cm | |
| 丛书名: | ||
| 单 册: | ||
| 中图分类: | R259.441 , TS972.161 , R247.1 | |
| 科图分类: | ||
| 主题词: | 高血压--食物疗法 , 高血压--食物疗法--食谱 , 中医学:临床医学 | |
| 电子资源: | ||
| ISBN: | 978-7-5388-9441-7 | |
| 000 | 00996nam0 2200277 450 | |
| 001 | 405 | |
| 005 | 20180922104125.79 | |
| 010 | @a978-7-5388-9441-7@b精装@dCNY39.80 | |
| 100 | @a20180217d2018 em y0chiy50 ea | |
| 101 | 0 | @achi |
| 102 | @aCN@b230000 | |
| 105 | @aa z 000yy | |
| 200 | 1 | @a学会吃!快速调理高血压@9xue hui chi!kuai su tiao li gao xue ya@f胡维勤主编 |
| 210 | @a哈尔滨@c黑龙江科学技术出版社@d2018.01 | |
| 215 | @a198页@c彩图@d22cm | |
| 300 | @a金版健康文库 美好生活典藏书系 | |
| 330 | @a本书共九章,主要内容包括:降压第一关高血压患者必知的健康常识;降压第二关降压食材食谱帮你轻松降血压;降压第三关牢记高血压忌吃的食物;降压第四关熟知高血压的中医食疗方;降压第五关专家连线有问必答环节。 | |
| 606 | 0 | @a高血压@x食物疗法 |
| 606 | 0 | @a高血压@x食物疗法@x食谱 |
| 606 | 0 | @a中医学:临床医学 |
| 690 | @aR259.441@v5 | |
| 690 | @aTS972.161@v5 | |
| 690 | @aR247.1@v4 | |
| 701 | 0 | @a胡维勤@9hu wei qin@4主编 |
| 801 | 0 | @aCN@b91MARC@c20180217 |
| 905 | @aMuseLib@dR247.1@e431 | |
| 学会吃!快速调理高血压/胡维勤主编.-哈尔滨:黑龙江科学技术出版社,2018.01 |
| 198页:彩图;22cm |
| 金版健康文库 美好生活典藏书系 |
| ISBN 978-7-5388-9441-7(精装):CNY39.80 |
| 本书共九章,主要内容包括:降压第一关高血压患者必知的健康常识;降压第二关降压食材食谱帮你轻松降血压;降压第三关牢记高血压忌吃的食物;降压第四关熟知高血压的中医食疗方;降压第五关专家连线有问必答环节。 |
| ● |
| 相关链接 |
|
|
|
|
正题名:学会吃!快速调理高血压
索取号:R247.1/431
 
预约/预借
| 序号 | 登录号 | 条形码 | 馆藏地/架位号 | 状态 | 备注 |
| 1 | 1119724 | 211197248 | 第二样本阅览室/ [索取号:R247.1/431] | 在馆 | |
| 2 | 1119725 | 211197257 | 密集书库-生命科学系/ [索取号:R247.1/431] | 在馆 | |
| 3 | 1119726 | 211197266 | 第三借阅区/ [索取号:R247.1/431] | 在馆 | |
| 4 | 1119727 | 211197275 | 第三借阅区/ [索取号:R247.1/431] | 在馆 | |
| 5 | 1119728 | 211197284 | 第三借阅区/ [索取号:R247.1/431] | 在馆 |